Lectures on vector bundles /
Guardado en:
| Autor Principal: | |
|---|---|
| Formato: | Libro |
| Idioma: | English French |
| Publicado: |
Cambridge :
Cambridge University Press,
1997.
|
| Series: | Cambridge studies in advanced mathematics ;
54 |
| Acceso en línea: | Publisher description Table of contents |
| Etiquetas: |
Agregar Etiqueta
Sin Etiquetas, Sea el primero en etiquetar este registro!
|
| LEADER | 00901nam a22002295a 4500 | ||
|---|---|---|---|
| 001 | MAT.inmabb000248 | ||
| 008 | 960312s1997####enka#####b####001#0#eng## | ||
| 005 | 20130304121627.0 | ||
| 245 | 1 | 0 | |a Lectures on vector bundles / |c J. Le Potier ; translated by A. Maciocia. |
| 260 | |a Cambridge : |b Cambridge University Press, |c 1997. | ||
| 300 | |a viii, 251 p. ; |c 24 cm. | ||
| 440 | 0 | |a Cambridge studies in advanced mathematics ; |v 54 | |
| 504 | |a Includes bibliographical references (p. 245-248) and index. | ||
| 510 | 4 | |a MR, |c 98a:14019 | |
| 020 | |a 0521481821 | ||
| 100 | 1 | |a Le Potier, Joseph, |d 1944- | |
| 084 | |a 14D20 (14H60 14J60) |2 msc2000 | ||
| 010 | |a 96013367 | ||
| 041 | 1 | |a eng |h fre | |
| 856 | 4 | 2 | |u http://www.loc.gov/catdir/description/cam027/96013367.html |y Publisher description |
| 856 | 4 | 1 | |u http://www.loc.gov/catdir/toc/cam027/96013367.html |y Table of contents |
| 859 | |h 14 |i L598 |p A-7980 |b BIB. MATEMATICA | ||
